| 000 | 02407nam0a2200361 4500 | ||
|---|---|---|---|
| 001 | RU\NLR\BIBL_A\022542911 | ||
| 005 | 20260420044516.0 | ||
| 010 |
_a978-5-7456-0908-4 _940 |
||
| 021 |
_aRU _bКН-П-25-017800 _9КН-П-25-1809 |
||
| 035 | _a(NLR Aleph) 022542911 | ||
| 090 |
_a13672636 _c13672636 |
||
| 100 | _a20250516d2024 k y0rusy50 ca | ||
| 101 | 0 |
_arus _deng |
|
| 102 | _aRU | ||
| 105 | _aа z 100yy | ||
| 181 | 0 |
_ai _baxxe |
|
| 182 | 0 | _an | |
| 200 | 1 |
_aНаука. Образование. Профессия _dScience. Education. Profession _eматериалы III Всероссийской научно-методической конференции с международным участием, 12 марта 2024 г., [г. Уфа] _fМинистерство сельского хозяйства Российской Федерации, Министерство сельского хозяйства Республики Башкортостан, Федеральное государственное бюджетное образовательное учреждение высшего образования "Башкирский государственный аграрный университет" _zeng |
|
| 203 |
_aТекст _bвизуальный _cнепосредственный |
||
| 210 |
_aУфа _cБашкирский ГАУ _d2024 |
||
| 215 |
_a323 с. _cил., табл. _d21 |
||
| 300 | _aТекст рус., англ., нем. | ||
| 320 | _aБиблиогр. в конце ст. | ||
| 510 | 1 |
_aScience. Education. Profession _zeng |
|
| 606 | 1 |
_aИностранные языки _jСъезды, совещания и т.п _xТворческие работы студентов _92413646 _3RU\NLR\AUTH\6601656926 |
|
| 686 | 1 | _aЧ486.17(2Р)-385я431 | |
| 711 | 1 | 2 |
_a"Наука. Образование. Профессия", всероссийская научно-методическая конференция с международным участием _d3 _eУфа _f2024 _92659983 _3RU\NLR\AUTH\880627615 |
| 712 | 0 | 1 |
_4570 _aРеспублика Башкортостан _bМинистерство сельского хозяйства _9598119 _3RU\NLR\AUTH\8810049040 |
| 942 | _cBOOK | ||
| 980 | _aNB | ||